000 00692nam a22001937a 4500
999 _c166633
_d166633
005 20190801120550.0
010 _aUR-10324
020 _c300.00
_a789388356336
035 _aU-8879
037 _bDBAD/PUB
082 _a841
100 _aا ر شد مينا نگر ی
245 _aا ر د و (شعری مجمو عہ حصہ ا و ل )
_cا ر شد مينا نگر ی
246 _bUrdu (Poetry) (Urdu)
_aby Arshad Meena Nagri
260 _aDelhi
_bEducational Publishing House
_c2018 ء
270 _a3191,Vakil Street,Kucha Pandit,Lal Kuan,
_bDelhi
_e110006
_k23214465
_l00911123211540
300 _a200 ص
_c22 Cm(Hb)
942 _2ddc
_cUR
_h841
_mا ر ش